LEADER 01167nas 2200361 a 450 001 996203297203316 005 20180327155608.0 011 $a1478-4408 035 $a(OCoLC)55200566 035 $a(CKB)110998584177020 035 $a(CONSER) 2004236706 035 $a(DE-599)ZDB2047566-4 035 $a(EXLCZ)99110998584177020 100 $a20040518a20019999 sy 101 0 $aeng 135 $aurmnu---||||| 200 10$aColoration technology $ethe journal of the Society of Dyers and Colourists 210 $aBradford, UK $cSociety of Dyers and Colourists$dc2001- 300 $aTitle from title screen (Blackwell-Synergy, viewed Feb. 28, 2007). 300 $aRefereed/Peer-reviewed 311 $aColoration technology 1472-3581 606 $aColor$vPeriodicals 606 $aColor in the textile industries$vPeriodicals 606 $aDyes and dyeing$vPeriodicals 615 0$aColor 615 0$aColor in the textile industries 615 0$aDyes and dyeing 676 $a667.2 712 02$aSociety of Dyers and Colourists. 906 $aJOURNAL 912 $a996203297203316 996 $aColoration technology$92069435 997 $aUNISA LEADER 00820nam a2200193 u 4500 001 991004335434407536 005 20240718120738.0 008 240718s1978 au r 001 0 ger d 020 $a3211814078 040 $aBibl. Dip.le Aggr. Scienze Giuridiche - Sez. Centro Studi sul Rischio$bita 041 0 $ager 100 1 $aKrawietz, Werner$0170109 245 10$aJuristische Entscheidung und wissenschaftliche Erkenntnis :$beine Untersuchung zum Verhaltnis von dogmatischer Rechtswissenschaft und rechtswissenschaftlicher Grundlagenforschung /$cWerner Krawietz 260 $aWien ;$aNew York :$bSpringer,$c1978 300 $aXXI, 316 p. ;$c23 cm 490 0 $aForschungen aus Staat und Recht ;$v38 912 $a991004335434407536 996 $aJuristische Entscheidung und wissenschaftliche Erkenntnis$94176600 997 $aUNISALENTO